Asesina REMIX - Brytiago, Darell, Anuel AA, Daddy Yankee, Ozuna - Estadísticas

Estadísticas generales
  • Esta prueba ha sido intentada 89 veces
  • La puntuación promedio es 550 de 833
Estadísticas de respuestas
Letra % Correcto
a
100%
A
100%
100%
de
100%
De
100%
día
100%
e
100%
No
100%
no
100%
que
100%
Que
100%
s
100%
100%
se
100%
Se
100%
ser
100%
te
100%
Te
100%
100%
100%
tu
100%
ve
100%
vo
100%
vuelva
100%
Y
100%
y
100%
bebé
88%
Bebé
88%
borracho
88%
dar
88%
el
88%
él
88%
es
88%
la
88%
lo
88%
Ma
88%
ma
88%
mala
88%
Mala
88%
me
88%
Mi
88%
mi
88%
88%
Ojalá
88%
pa
88%
Pa
88%
por
88%
Por
88%
problema
88%
serio
88%
ti
88%
To
88%
un
88%
voy
88%
Yo
88%
yo
88%
Asesina
75%
bien
75%
con
75%
del
75%
diablo
75%
dura
75%
en
75%
ere
75%
eres
75%
las
75%
Los
75%
los
75%
malda
75%
mente
75%
negar
75%
negarte
75%
noche
75%
pero
75%
Pero
75%
Porque
75%
porque
75%
Puede
75%
puede
75%
Quiero
75%
quiero
75%
Real
75%
75%
si
75%
The
75%
una
75%
va
75%
Ya
75%
ya
75%
antibala
63%
cambiar
63%
cementerio
63%
chaleco
63%
Como
63%
como
63%
cuello
63%
darte
63%
eso
63%
juega
63%
le
63%
mami
63%
Mami
63%
más
63%
mujer
63%
ni
63%
otra
63%
perdón
63%
pon
63%
ra
63%
recordarte
63%
Rondón
63%
sea
63%
Sicaria
63%
soy
63%
su
63%
tengo
63%
terminemo
63%
última
63%
ver
63%
vez
63%
al
50%
amo
50%
baby
50%
Bebo
50%
bicho
50%
Big
50%
Boss
50%
boté
50%
brr
50%
cien
50%
creci
50%
Dale
50%
demente
50%
demonio
50%
diabla
50%
Dios
50%
está
50%
gusta
50%
haces
50%
Hasta
50%
hasta
50%
hicimo
50%
Hija
50%
inteligente
50%
llamas
50%
loca
50%
matrimonio
50%
meti
50%
metí
50%
mil
50%
mío
50%
Muerte
50%
muerto
50%
na
50%
odio
50%
olvidé
50%
peligro
50%
putas
50%
son
50%
suci
50%
suelo
50%
ta
50%
50%
tiene
50%
tienes
50%
totito
50%
traje
50%
veintitrés
50%
veneno
50%
aborrecía
38%
acuerdo
38%
ahora
38%
Ahora
38%
arrepentí
38%
asesinos
38%
así
38%
busca
38%
buscarte
38%
Chambeaste
38%
conoce
38%
contigo
38%
corazón
38%
criterio
38%
cuarto
38%
custodió
38%
eh
38%
ella
38%
Ella
38%
enamore
38%
Ese
38%
ese
38%
Este
38%
final
38%
frente
38%
jodió
38%
juro
38%
kilo
38%
masoquista
38%
medio
38%
meter
38%
meto
38%
mucho
38%
mundo
38%
murió
38%
nalga
38%
nos
38%
odia
38%
oh
38%
pase
38%
pelea
38%
pelo
38%
piso
38%
quien
38%
remix
38%
resbala
38%
romper
38%
sabes
38%
tipo
38%
vida
38%
volver
38%
vuelvo
38%
ahí
25%
amiga
25%
aquí
25%
asalto
25%
aunque
25%
bebecita
25%
bello
25%
cada
25%
caso
25%
condón
25%
conmigo
25%
Cuando
25%
cuando
25%
Desenmoña
25%
duro
25%
ellos
25%
entierro
25%
esa
25%
estás
25%
estrello
25%
fuego
25%
guagua
25%
hacer
25%
hagas
25%
intermedios
25%
jet
25%
Lambo
25%
ley
25%
llegue
25%
loco
25%
Louis
25%
lucía
25%
Maliciosa
25%
mis
25%
nacimiento
25%
nota
25%
olvidar
25%
para
25%
phillie
25%
pongo
25%
ponte
25%
proba
25%
puedo
25%
quedar
25%
Recordemo
25%
repita
25%
rica
25%
ronco
25%
salgan
25%
sello
25%
sepa
25%
siempre
25%
sigue
25%
Sin
25%
Sólo
25%
todo
25%
Uah
25%
uah
25%
Vamo
25%
vamo
25%
velo
25%
vuelta
25%
Vuitton
25%
Wo
25%
zumbo
25%
aplico
13%
barri
13%
besar
13%
cancione
13%
clave
13%
confundi
13%
Confundi
13%
conviene
13%
cuatro
13%
desnu
13%
dices
13%
difícil
13%
Dos
13%
Entre
13%
estamos
13%
experta
13%
forma
13%
frene
13%
freno
13%
G4
13%
Gasté
13%
gritas
13%
hay
13%
It
13%
jalar
13%
Jugando
13%
junto
13%
Life
13%
muere
13%
orgullo
13%
otro
13%
pacto
13%
Pégate
13%
peleando
13%
pelees
13%
piernas
13%
pies
13%
poderes
13%
pone
13%
Porsche
13%
quiere
13%
sigo
13%
suba
13%
suelta
13%
terminaste
13%
tienta
13%
tragos
13%
amerita
0%
asegurar
0%
bootysote
0%
brinque
0%
cero
0%
cincuenta
0%
comía
0%
comíamo
0%
decir
0%
Decirte
0%
diga
0%
falló
0%
hacíamo
0%
ita
0%
kryptonita
0%
llamándote
0%
Mayweather
0%
my
0%
nigga
0%
olvidemo
0%
pelear
0%
perdi
0%
quieres
0%
Recordemos
0%
salte
0%
tocar
0%
Tranquila
0%
viró
0%
No se encontraron pruebas coincidentes
Distribución de puntuación
Porcentaje de gente con cada puntuación
Porcentaje por número respondido
Historial de tus puntuaciones
No has intentado esta prueba.